00390nam a2200157 a 450000100060000000300090000600800410001504000280005608200150008410000160009924500270011526000460014230000100018865000180019865000160021612294CO-ViMGA141112s2004 ck r 000 u spa d aCO-ViMGAbspacCO-ViMGA04a616.89 P741 aRoss, Helen10aPsiquiatria Dinámica aBuenos Aires : bEditorial Paidos, c1958 a474p.14aPSICOANALISIS14aPSIQUIATRIA